1544 1032 1987 1886 1289 1902 1154 1087 1073 1353 1783 1634 1120 1201 1087 1530 1947 1715 1869 1871 1765 1519 1182 1514 1563 1676 1862 1706 1402 1623 1526 1121 1716 1406 1436 1743 1048 1121 1868 1486 1503 1776 1472 1346 1387 1363 1122 1387 1320 1423 1069 1958 1426 1349 1714 1725 1998 1581 1981 1342 1897 1281 1189 1858 1461 1264 1445 1649 1300 1166 1834 1231 1390 1299 1739 1739 1347 1655 1689 1044 1792 1680 1531 1108 1327 1847 1165 1991 1890 1927 1933 1264 1686 1815 1431 1524 1168 1460 1532 BCNSPRNW ULIB Ver.6.0+V

เปลี่ยนเป็นภาษาไทย

Change to English
 แสดงรายละเอียดบรรณานุกรม
  กลับหน้าหลัก

Brief Record : Get Marc (ISO 2709) : E-mail record : QR code < ปิดหน้าต่าง
LEADER : 00000nam 2200000uu 4500
001    13399111554
003     ULIB
008    110627s||||||||th 000 0 tha d
090    นว.^bภ418T 2553
100 0  ภาคินัย
245 00 ตีตั๋วไปตาย = THEATER/^cภาคินัย
250    พิมพ์ครั้งที่ 1
260    กรุงเทพฯ :^bโซฟา,^c2553
300    240 หน้า
945    ^p185^l0^i028067
995    ทศพร
999 ^a ใช้งานได้ทุกระบบ
รายการนี้ยังไม่มีแท็ก
คุณยังไม่ได้ล็อกอิน คุณสามารถมีกิจกรรมร่วมกับเว็บไซต์ได้ แต่ต้องล็อกอินก่อน ::
  ล็อกอิน

รายการสื่อสารสนเทศ

ลำดับที่ ประเภท เลขเรียก/บาร์โค้ด สถานที่ สถานะ
1. นวนิยาย
นวนิยาย
นว. ภ418T 2553 ฉ.1 
  Barcode: 028067
ห้องสมุดวิทยาเขตสวรรค์ประชารักษ์
►นวนิยาย
บนชั้น
  ขอยืม

รายการใกล้เคียง
    ผู้แต่ง [ภาคินัย]

BibComment


ยังไม่เคยถูกคอมเมนท์

คอมเมนท์ทรัพยากรรายการนี้
  คอมเมนท์: ตีตั๋วไปตาย THEA..


 Copyright 2026. Bcnsprnw @Library